000 00502 a2200169 4500
001 141322
040 _cLeonardo Da Vinci
041 _aPortuguês
082 _a342.8102 C151c
_bC151c
100 _aCALDEIRA, Cesar
_aARRUDA, Marcos
245 _aComo surgiram as constituições brasileiras
260 _bFASE Projeto Educação Popular para a Constituinte
_c1986
_aRio de Janeiro
300 _a44
362 _a19860000
697 _aHistória constitucional
_aConstituição
_aBrasil
942 _cBK
999 _c141322
_d141322